000 00432nam a22001337a 4500
999 _c15467
_d15467
005 20220114172022.0
008 191028b ||||| |||| 00| 0 eng d
020 _a978-0-262-01866-1
040 _cURS
245 _aOperations Forensics
_bBusiness Performance Analysis Using Operations Measures and Tools
_cRichard Lai
260 _aCambridge
_bMIT Press
_c2013
300 _a309 pages
_c24 cm.
_ehardcover, alk. paper
942 _2lcc
_cFR